|
|
|
|
| LEADER |
00000nab a2200000 a 4500 |
| 001 |
vtls000246574 |
| 003 |
SK-MaSNL |
| 005 |
20260304073249.0 |
| 008 |
250423c1986 xo 0 slo |
| 015 |
|
|
|a SNBRB19rr/mm-uuuuu
|
| 035 |
|
|
|a CL0256688
|
| 035 |
|
|
|a urn:nbn:sk:snk-ab1ccd
|
| 035 |
|
|
|a (urnnbn)urn:nbn:sk:snk:ar-001y59
|
| 035 |
|
|
|a (uuid)b418e55f-3ed2-4815-8680-ba629e8d4d8b
|
| 040 |
|
|
|a SNKBUCL
|b slo
|c SNKBUCL
|e AACR2
|
| 041 |
0 |
|
|a slo
|
| 044 |
|
|
|a xo
|c SK
|
| 080 |
|
|
|a 792.2
|2 1981
|
| 100 |
1 |
|
|a Vrbka, Stanislav,
|d 1934-1991
|4 aut
|9 37562
|
| 245 |
1 |
0 |
|a O Kvintete po Kvintete
|c Stanislav Vrbka
|
| 300 |
|
|
|b Obr. 1.
|
| 600 |
1 |
7 |
|a Uhlár, Blahoslav,
|d 1951-2024
|t Kvinteto
|2 snkbucl
|9 121111
|
| 610 |
2 |
7 |
|a Divadlo pre deti a mládež (Trnava, Slovensko)
|2 snkbucl
|9 62728
|
| 650 |
0 |
7 |
|a činohry
|2 snkbucl
|9 3325
|
| 655 |
|
7 |
|a recenzie
|2 snkbucl
|9 21907
|
| 655 |
|
7 |
|a články z novín a časopisov
|2 snkbucl
|9 267496
|
| 773 |
0 |
|
|t Film a divadlo
|g Roč. 30, č. 10 (1986), s. 16-17
|
| 850 |
|
|
|a Slovenská národná knižnica
|
| 852 |
|
|
|a Slovenská národná knižnica
|
| 954 |
|
|
|a odborná, vedecká literatúra pôvodná (slovenská)
|2 lita
|
| 958 |
|
|
|a article27
|
| 958 |
|
|
|a OND
|
| 958 |
|
|
|a EUIPO
|
| 992 |
|
|
|a RBX
|
| 999 |
|
|
|c 2770566
|d 2772496
|